Исследование влияния концентрации связующего на прочность гранул, полученных из золы углей; Химия и химическая технология в XXI веке; Т. 1

Bibliographic Details
Parent link:Химия и химическая технология в XXI веке: материалы XVI Международной научно-практической конференции студентов и молодых ученых, посвященной 115-летию со дня рождения профессора Л. П. Кулёва, Томск, 25-29 мая 2015 г./ Национальный исследовательский Томский политехнический университет (ТПУ) ; Институт природных ресурсов (ИПР) ; Институт физики высоких технологий (ИФВТ) ; Физико-технический институт (ФТИ) ; Российский фонд фундаментальных исследований (РФФИ).— , 2015
Т. 1.— 2015.— [С. 65-66]
Main Author: Мосина В. М.
Corporate Author: Национальный исследовательский Томский политехнический университет (ТПУ) Институт природных ресурсов (ИПР) Кафедра общей химической технологии (ОХТ)
Other Authors: Горлушко Д. А. Дмитрий Александрович (научный руководитель)
Summary:Заглавие с титульного экрана
Language:Russian
Published: 2015
Series:Химия и химическая технология неорганических веществ и материалов
Subjects:
Online Access:http://earchive.tpu.ru/handle/11683/19600
http://www.lib.tpu.ru/fulltext/c/2015/C27/V1/028.pdf
Format: Electronic Book Chapter
KOHA link:https://koha.lib.tpu.ru/cgi-bin/koha/opac-detail.pl?biblionumber=613058

MARC

LEADER 00000naa2a2200000 4500
001 613058
005 20231101132734.0
035 |a (RuTPU)RU\TPU\conf\11189 
035 |a RU\TPU\conf\11188 
090 |a 613058 
100 |a 20150706d2015 k y0rusy50 ca 
101 0 |a rus 
102 |a RU 
105 |a y z 101zy 
135 |a drcn ---uucaa 
181 0 |a i  
182 0 |a b 
200 1 |a Исследование влияния концентрации связующего на прочность гранул, полученных из золы углей  |f В. М. Мосина  |g науч. рук. Д. А. Горлушко 
203 |a Текст  |c электронный 
225 1 |a Химия и химическая технология неорганических веществ и материалов 
230 |a 1 компьютерный файл (pdf; 545 Kb) 
300 |a Заглавие с титульного экрана 
320 |a [Библиогр.: с. 66 (2 назв.)] 
337 |a Adobe Reader 
461 1 |0 (RuTPU)RU\TPU\conf\10702  |t Химия и химическая технология в XXI веке  |o материалы XVI Международной научно-практической конференции студентов и молодых ученых, посвященной 115-летию со дня рождения профессора Л. П. Кулёва, Томск, 25-29 мая 2015 г.  |o в 2 т.  |f Национальный исследовательский Томский политехнический университет (ТПУ) ; Институт природных ресурсов (ИПР) ; Институт физики высоких технологий (ИФВТ) ; Физико-технический институт (ФТИ) ; Российский фонд фундаментальных исследований (РФФИ)  |d 2015 
463 1 |0 (RuTPU)RU\TPU\conf\10704  |t Т. 1  |v [С. 65-66]  |d 2015 
610 1 |a труды учёных ТПУ 
610 1 |a электронный ресурс 
610 1 |a прочность 
610 1 |a золошлаковые отходы 
610 1 |a концентрация 
610 1 |a поливиниловый спирт 
610 1 |a глиоксаль 
700 1 |a Мосина  |b В. М. 
702 1 |a Горлушко  |b Д. А.  |c химик-технолог  |c доцент Томского политехнического университета, кандидат химических наук  |f 1981-  |g Дмитрий Александрович  |2 stltpush  |4 727 
712 0 2 |a Национальный исследовательский Томский политехнический университет (ТПУ)  |b Институт природных ресурсов (ИПР)  |b Кафедра общей химической технологии (ОХТ)  |h 100  |2 stltpush  |3 (RuTPU)RU\TPU\col\18654 
801 2 |a RU  |b 63413507  |c 20210204  |g RCR 
856 4 |u http://earchive.tpu.ru/handle/11683/19600 
856 4 |u http://www.lib.tpu.ru/fulltext/c/2015/C27/V1/028.pdf 
942 |c BK